000 00868nam a2200277 i 4500
003 DO-SdBNP
005 20250127082314.0
007 ta
008 250124b2024 pr ||||| |||| 00| 0 spa d
020 _a9789945291254
040 _aDO-SdBNP
_bspa
_cBNPHU
_erda
041 _hspa
082 4 _bM839f
_222
100 _aMorel Nolasco, Yeíla
_eautor
_986889
245 1 0 _aFragmentos de otros mundos /
_cYeíla Morel Nolasco ; prólogo de Mirta Espinosa Lafuente
250 _aPrimera edición
264 4 _aSanto Domingo :
_bPublicaciones Libertad,
_c©2024
300 _a30 páginas :
_bIlustraciones ;
_c27 cm.
336 _ardacontent
_btexto
_2txt
337 _ardamedia
_bsin mediación
_2n
338 _ardacarrier
_bvolumen
_2nc
590 _aInventariado, 2025/DG
700 1 _aEspinosa Lafuente, Mirta
_epróloguista
_986910
910 _aDG
942 _2ddc
_cLF2
999 _c58081
_d58081